Visualizzazione normale
Vista MARC
- Palazzeschi Aldo
di Personal Name
Records bibliografici associati: 1
001 - CONTROL NUMBER
- control field: 5201
003 - CONTROL NUMBER IDENTIFIER
- control field: IT-RoPau
005 - DATE AND TIME OF LATEST TRANSACTION
- control field: 20131214155634.0
008 - FIXED-LENGTH DATA ELEMENTS
- fixed length control field: 131214|| aca||aabn | a|a d
040 ## - CATALOGING SOURCE
- Original cataloging agency: IT-RoPau
- Transcribing agency: IT-RoPau
100 ## - HEADING--PERSONAL NAME
- Personal name: Palazzeschi Aldo
- Relator term: Autore testo
- Miscellaneous information: Codice autore testo SPICS: 2951
670 ## - SOURCE DATA FOUND
- Source citation: Work cat.: (IT-RoPau)99101: Saba Umberto 5197, Poesie